A textbook of calculus and analytic geometry : class XII (Record no. 7954)

000 -LEADER
fixed length control field 00375 a2200133 4500
040 ## - CATALOGING SOURCE
Original cataloging agency DLC
082 ## - DEWEY DECIMAL CLASSIFICATION NUMBER
Classification number 515.15
245 ## - TITLE STATEMENT
Title A textbook of calculus and analytic geometry : class XII
Statement of responsibility, etc. Nawab-ud-Din
260 ## - PUBLICATION, DISTRIBUTION, ETC.
Place of publication, distribution, etc. Lahore :
Name of publisher, distributor, etc. Punjab Textbook Board,
Date of publication, distribution, etc. 1994.
300 ## - PHYSICAL DESCRIPTION
Extent 410 p.
650 ## - SUBJECT ADDED ENTRY--TOPICAL TERM
Topical term or geographic name entry element Calculus -- Mathematics.
700 ## - ADDED ENTRY--PERSONAL NAME
Personal name Ch. Nawab-ud-Din.
942 ## - ADDED ENTRY ELEMENTS (KOHA)
Koha item type Book
Call number prefix 515.15 NAW
Source of classification or shelving scheme
Holdings
Withdrawn status Lost status Damaged status Not for loan Collection code Permanent Location Current Location Shelving location Date acquired Total Checkouts Full call number Barcode Date last seen Price effective from Koha item type
          Central Library (CL) Central Library (CL) General Stacks 05/27/2014   515.15 NAW SEECSD00225 11/14/2012 01/05/2017 Book
          Central Library (CL) Central Library (CL) General Stacks 05/27/2014   515.15 NAW SEECSD00253 11/14/2012 01/05/2017 Book
© 2023 Central Library, National University of Sciences and Technology. All Rights Reserved.